[Event "Villa Martelli"]
[Site "Villa Martelli"]
[Date "1997.06.08"]
[Round "8"]
[White "Sorokin, Maxim"]
[Black "Slipak, Sergio"]
[Result "1-0"]
[WhiteElo "2560"]
[BlackElo "2505"]
[Annotator "Ribli,Z"]
[PlyCount "111"]
[EventDate "1997.06.01"]
[EventType "tourn"]
[EventRounds "11"]
[EventCountry "ARG"]
[EventCategory "13"]
[SourceTitle "CBM 060"]
[Source "ChessBase"]
[SourceDate "1997.09.29"]
[SourceVersion "1"]
[SourceVersionDate "1997.09.29"]
[SourceQuality "1"]

1. Nf3 Nf6 2. c4 b6 3. g3 Bb7 4. Bg2 e6 5. O-O Be7 6. b3 {Das ist natürlich
eine gute Fortsetzung, aber vielleicht ist die von Kramnik oft gespielte
Variante 6.Nc3 und 7.Re1 noch besser.} O-O 7. Bb2 d5 8. e3 c5 9. Nc3 dxc4 (9...
d4 $6 10. exd4 cxd4 11. Nb5 d3 12. Ne5 $1 Bxg2 13. Kxg2 {/\ Qf3+/-}) 10. bxc4
Nc6 11. Qe2 Qc7 (11... Rb8 $5 $146 12. Rfd1 Qc7 13. Rac1 a6 14. d4 cxd4 15.
exd4 Na5 $1 16. Nb1 Rfe8 17. Nbd2 Rbc8 {1/2-1/2 Damljanovic,B-Yudasin,L/
Yerevan (ol) 1996 (38)}) (11... a6 12. Ne1 (12. Rac1 Na7 13. Rfd1 b5 14. d4
cxd4 15. Nxd4 Qb6 16. Bxb7 Qxb7 17. cxb5 axb5 18. Ncxb5 Nxb5 19. Nxb5 Ra5 20.
Bxf6 Bxf6 21. Nd6 Qa8 22. Rc2 Rd8 {Onischuk,A-Hansen,L/BL2-N 1996/1-0 (74)})
12... Qc7 (12... Rb8 13. f4 b5 14. cxb5 axb5 15. Nxb5 Ba6 {~/= Vyzmanavin,
A-Ubilava,E/Minsk 1983}) 13. f4 Na7 14. a4 Bxg2 15. Kxg2 Rfd8 16. Kg1 Qd7 17.
Nf3 Rab8 18. Rfd1 Qb7 19. Ne5 Ne4 20. Qg2 Nxc3 21. Bxc3 Qxg2+ 22. Kxg2 f6 23.
Nf3 {1/2-1/2 Panchenko,A-Andrianov,N/URS-chT 1988 (42)}) (11... Rc8 12. Ne1 (
12. d3 Rc7 13. Ne1 Nb4 14. Bxb7 Rxb7 15. a3 Nc6 16. f4 Ne8 17. g4 {1/2-1/2
Sarno,S-Tatai,S/Reggio Emilia9394 1993 (36)}) 12... Qd7 13. f4 Rfd8 14. Rd1 Ne8
15. g4 Na5 16. d3 Bxg2 17. Qxg2 a6 18. a4 Bf6 19. Rb1 Rb8 20. g5 Bxc3 21. Bxc3
Qxa4 22. Ra1 Qd7 23. Bxa5 bxa5 24. Rxa5 Qd6 {1/2-1/2 Panchenko,A-Kucera,P/
Pardubice op 1992 (52)}) 12. Ne1 {Weiss hat einen klaren Plan,mit folgendem
f2-f4,und mit der Unterstuetzung des Laeufers auf b2,er fuehrt Angriff am
Koenigsfluegel.Ribli.} (12. d3 Rfd8 13. Ne1 a6 14. f4 Na7 15. a4 Bxg2 16. Qxg2
Qc6 17. Rb1 Rab8 18. Rf2 Ng4 19. Re2 Qd7 20. Qf3 Nf6 21. g4 b5 {Panno,
O-Portisch,L/Mar del Plata 1982/1/2-1/2 (89)}) 12... Rad8 (12... a6 $5 {
Diese Alternative überzeugt mehr als die Partiefortsetzung. Schwarz strebt
nach sofortigem Gegenspiel am Damenflügel.} 13. f4 Na7 (13... Na5 14. g4 Bxg2
15. Nxg2 Qc6 16. f5 Nd7 17. Nf4 Bf6 18. a4 Rae8 19. fxe6 fxe6 20. d3 Nb3 21.
Rab1 Nd4 22. Qe1 Be5 23. Ne4 Qc7 24. Nh5 {1-0 Galliamova,A-Vujic Katanic,B/
Belgrade-W 1989 (53)}) 14. a4 Rfd8 15. g4 Bxg2 16. Qxg2 Qc6 17. Qe2 Ne4 18.
Nxe4 Qxe4 19. Bc3 Nc6 20. Qf3 Qxf3 21. Nxf3 Bf6 22. Bxf6 gxf6 23. Kf2 Na5 {
1/2-1/2 Sokolovs,A-Kabatianski,A/BL2-S 1996 (45)}) 13. f4 Nb4 14. Rf2 $5 {
Ein nützlicher prophilaktischer Zug. Nach dem Läufertausch steht der Turm gut
auf g2.} Bxg2 15. Rxg2 Qd7 $6 {Auf den ersten Blick eine logische Antwort. Auf
d3 hat Weiß ein positionelles Loch. Aber in dieser konkreten Stellung steht
die Dame schlecht auf d7.} (15... Qb7 16. g4 Ne4 17. Qf3 Nd6 $11 (17... f5 $2
18. gxf5 exf5 19. Nxe4 fxe4 20. Rxg7+ $18)) 16. g4 Ne8 (16... Nd3 17. Nxd3 Qxd3
18. Nd5 $1 {Ohne diesen Zug Weiss hat nichts.Ribli.} Rxd5 (18... Qxe2 $4 19.
Nxe7+ $18) 19. cxd5 Qxd5 $14) 17. g5 $14 Nd6 {Nach diesem Zug ist klar, daß
die Dame nicht gut auf d7 steht, denn der Springer auf d6 beschränkt ihre
Aktivität.} (17... Nd3 18. Nxd3 Qxd3 19. Nd5 $1) 18. Nf3 Nf5 {[%csl Gf5]} 19.
Ne5 Qb7 20. Rf1 {Weiß hat starken positionellen Druck am Königsflügel. Es gibt
noch keine konkreten Drohungen, aber alle weißen Figuren stehen bereit für
eine Aktion gegen den schwarzen König. Anderseits bringt der schwarze Druck
auf der d-Linie gar nichts, denn die weiße Schwäche auf d3 ist gut verteidigt.}
a6 (20... f6 $5 21. gxf6 (21. Nf3 Nd3 {[%csl Gd3]}) 21... Bxf6) 21. a3 Nc6 22.
Ng4 {[%csl Rg8][%cal Gg2g7,Gb2g7]} Kh8 23. Ne4 {Weiß bringt eine neue Figure
zum Königsflügel. Der Springer zielt nach g3 und möchte die beste schwarze
Figur tauschen.} b5 (23... Bd6 24. Ng3 Nce7) 24. Ng3 bxc4 25. Bc3 {[%csl Rc4]}
{[#]} Ncd4 {Ein interessantes Figurenopfer, aber Schwarz hat keine vollwertige
Kompensation. Aber seine Stellung war strategisch sowieso nicht leicht, weil
beide c-Bauern schwach sind. Nach dem Tausch des Springers auf f5 hätte Weiß
freie Hand am Königsflügel erhalten.} (25... Nh4 26. Rgf2) 26. exd4 cxd4 $44 {
Schwarz hat einen gefährlichen Bauern im Zentrum, aber der Stolz der Stellung,
der Springer auf f5, wird getauscht.} 27. Bb4 Bxb4 28. axb4 d3 (28... Qxb4 29.
Nxf5 exf5 30. Ne5 $14 {[%csl Ge5]} Rde8 $2 31. Nxf7+ $16) 29. Qe5 Rd5 (29...
Qxb4 30. Nxf5 exf5 31. Qxf5 (31. Nh6 $5)) 30. Qc3 Qb6+ 31. Kh1 Nh4 32. Rgf2 Rd4
{Schwarz hat ein wenig Aktivität, aber mit guten Verteidigungszügen kann Weiß
den Angriff abwehren und seinen Materialsvorteil verwerten.} 33. Ne3 $8 (33. h3
$2 Qc6+ 34. Kh2 Rxf4 35. Rxf4 Qg2#) 33... Rfd8 34. Ng2 {Endlich wird der
gefährliche Springer h4 getauscht!} Qc6 35. Kg1 Nxg2 36. Rxg2 $16 Qd6 {[%csl
Rf4]} 37. Rgf2 Rb8 38. Re1 $5 {Weiss gibt den dritten Bauern für die Figur,
aber er kann die Damen tauschen.} (38. f5) 38... Rxf4 (38... Rxb4 39. Nf5 exf5
40. Re8+ $18) 39. Qe5 Qxe5 40. Rxe5 Rxf2 41. Kxf2 Rxb4 42. Ne4 {[%csl Ge4,Ge5,
Rh8] Obwohl Schwar schon vier Bauern für die Figur hat, befindet sich sein
König in grosser Not. Die schwarzen Bauern sind kaum gefährlich für Weiß.} h6
43. Rc5 {[%csl Ra6,Rc4,Rd3]} c3 {Schwarz gibt von selbst diesen Bauer auf,
aber er konnte ihn ohnehin nicht mehr halten.} (43... hxg5 44. Nxg5 g6 (44...
Rb8 45. Nxf7+ Kg8 46. Ng5 {[%csl Rc4]}) 45. Nxf7+ Kg7 46. Ne5 {[%csl Rc4]}) 44.
Nxc3 Kh7 (44... hxg5 45. Rxg5 {[%csl Rd3]}) 45. gxh6 Kxh6 46. Ra5 g6 (46... Rb6
47. Ke3 Rd6 48. Ne4 {Schwarz kann nicht gleichzeitig beide Bauern halten.}) 47.
Rxa6 e5 48. Rd6 e4 (48... Rd4 49. Rxd4 exd4 50. Nb5 $18 {[%csl Rd3,Rd4]}) 49.
Ke3 f5 {[%csl Rg6] Schwarz hat auf den ersten Blick eine gute Bauernkette.
Sein Problem ist nur, daß das letzte Kettenglied auf g6 sehr schwach ist.} 50.
Nd5 Rb1 51. Nf4 {[%csl Rg6]} Rg1 (51... Re1+ 52. Kf2 $18) 52. Kd4 $18 {Das
Erscheinen des Königs beendet den Kampf.} Kg7 (52... Rg4 53. Ke5) (52... Kg5
53. Rxg6+ $18) 53. Ke5 Kf7 54. Rd7+ Ke8 55. Rc7 {Der schwarze König ist
hilflos gegen drei weiße Figuren.} Kf8 56. Kf6 {Schwarz gab auf. Sein König
befindet sich im Mattnetz} (56. Kf6 Ke8 57. Ne6 Z0 58. Re7#) 1-0

[Event "Odorheiu Secuiesc"]
[Site "Odorheiu Secuiesc"]
[Date "1993.??.??"]
[Round "9"]
[White "Schwartzman, Gabriel"]
[Black "Marin, Mihail"]
[Result "1-0"]
[WhiteElo "2455"]
[BlackElo "2515"]
[Annotator "Ribli,Z"]
[PlyCount "113"]
[EventDate "1993.05.??"]
[EventType "tourn"]
[EventRounds "11"]
[EventCountry "ROU"]
[EventCategory "12"]
[SourceTitle "CBM 036"]
[Source "ChessBase"]
[SourceDate "1993.10.01"]
[SourceVersion "1"]
[SourceVersionDate "1993.10.01"]
[SourceQuality "1"]

1. Nf3 d5 2. c4 e6 3. g3 Nf6 4. Bg2 Be7 5. O-O O-O 6. b3 c5 7. Bb2 Nc6 8. e3 d4
9. exd4 cxd4 10. Re1 Ne8 (10... Re8 $5) 11. d3 f6 12. Na3 (12. Ba3 $5 $14 {
Rotstein,A-Flear,G/Paris/1992/55,11/}) 12... e5 13. Nc2 Nc7 14. Qd2 a5 15. a3
Na6 16. b4 $1 (16. Rab1 $13 {Schwartzman,G-Lputian,S/Wijk-op/1993/CBM34/})
16... axb4 17. axb4 Ncxb4 18. Nfxd4 Rb8 (18... exd4 19. Ba3 $16 {Lautier,
J-Kotronias,V/Sochi-A/1989/CBM16/48,5/}) 19. Ba3 Nxc2 20. Bxe7 Qxe7 21. Nxc2
Nc5 22. Qc3 (22. Qb4 Qc7 $13) 22... Qc7 23. d4 (23. Nb4 Be6 24. Nd5 Bxd5 25.
Bxd5+ Kh8 $10) 23... exd4 24. Nxd4 Bd7 25. Re7 (25. Nb5 Bxb5 26. cxb5 b6 $10)
25... Rbe8 26. Nf5 (26. Rae1 Qd8 $1 $10 (26... Qd6 $2 27. Nf5 $18) (26... Rxe7
27. Rxe7 Re8 28. Qe3 $16)) 26... Rxe7 27. Nxe7+ Kh8 28. Nd5 Qd6 (28... Qe5 29.
Qxe5 fxe5 $14) 29. Qb4 Bc6 30. Rd1 Rc8 31. Ne3 (31. h4 Bxd5 32. Rxd5 Qe7 $10)
31... Qe5 32. Bd5 $1 Ne4 33. Re1 h5 (33... f5 34. Bxc6 bxc6 35. Qb7 Nd6 36. Qd7
$16) 34. Nd1 f5 35. Bxc6 bxc6 36. Qb7 Rd8 37. Qf7 (37. Qxc6 $5 Qa1 38. Kg2 $1
Nf6 (38... Rxd1 $2 39. Qe8+ Kh7 40. Qxh5+ Kg8 41. Rxd1 $18) (38... Kh7 39. Qe6
$1 $16) 39. Qf3 $1 $14) 37... Rd2 38. Qxh5+ Kg8 39. g4 Nf6 (39... Qd4 $5 40.
gxf5 (40. Qxf5 $2 Rxd1 41. Qxe4 $2 Qxe4 $19) 40... Nf6 $1 41. Qf3 Qxc4 $14) 40.
Rxe5 Rxd1+ 41. Kg2 Nxh5 42. gxh5 Rd4 43. c5 $1 f4 44. Re6 Rd5 45. Rxc6 Rxh5 46.
Rc8+ Kf7 47. c6 Rc5 48. c7 $18 Rc3 49. h4 Kg6 50. f3 Kh7 51. h5 Rc5 52. Kf2
Rc2+ 53. Ke1 Rc1+ 54. Kd2 Rc4 55. Kd3 Rc6 56. Ke4 Rc4+ 57. Ke5 1-0

[Event "Chigorin Memorial 07th"]
[Site "St Petersburg"]
[Date "1999.11.03"]
[Round "2"]
[White "Sorokin, Maxim"]
[Black "Sambuev, Bator"]
[Result "1-0"]
[WhiteElo "2574"]
[BlackElo "2390"]
[Annotator "Ribli,Z"]
[PlyCount "69"]
[EventDate "1999.11.02"]
[EventType "swiss"]
[EventRounds "9"]
[EventCountry "RUS"]
[SourceTitle "CBM 074"]
[Source "ChessBase"]
[SourceDate "2000.02.01"]
[SourceVersion "1"]
[SourceVersionDate "2000.02.01"]
[SourceQuality "1"]

{[%mdl 2112]} 1. Nf3 Nf6 2. c4 e6 3. g3 b6 4. Bg2 Bb7 5. O-O {Nach 5.d4 haben
wir eine Grundstellung der Damenindischen Verteidigung.} c5 6. Nc3 Be7 7. b3 (
7. d4 cxd4 8. Qxd4 d6 {Das ist die sogenannte Igelvariante, in der Weiss
Raumvorteil hat, aber die schwarze Stellung elastisch ist.}) 7... O-O 8. e3 d5
9. Bb2 Nbd7 {Dieser Springerzug ist besser als 9...Nc6, wonach 10.cxd5 Nxd5 11.
Nxd5 Qxd5 12.d4 Weiss Eröffnungsvorteil bietet. Die schwarze Dame steht
unglücklich auf d5.} 10. Qe2 a6 (10... Rc8 11. Rfd1 a6 (11... Qc7 12. Rac1 dxc4
(12... Qb8 13. d3 Rfd8 14. Nh4 $1 (14. e4 {- 8/28}) 14... dxc4 15. bxc4 Bxg2
16. Nxg2 Qb7 17. f4 Nb8 18. g4 Rd7 19. f5 $5 {Rodriguez,A-Hernandez,Y/Mondariz
Balneario 1995/Inf 64 (25)}) 13. bxc4 a6 14. d3 Rfd8 15. h3 Ne8 16. a4 Bf6 17.
Ne1 Bxg2 18. Nxg2 Qc6 19. f4 Nd6 20. g4 b5 {1/2-1/2 Wells,P-Nemeth,Z/HUN-chT2
1994/TD (44)}) 12. Rac1 Qc7 13. d3 Rfd8 14. e4 dxe4 15. Nxe4 {1/2-1/2
Rodriguez,A-Nogueiras,J/Cienfuegos 1997/CBM 59 (15)}) (10... Ne4 11. cxd5 Nxc3
12. Bxc3 Bxd5 13. Rfd1 Rc8 14. Rac1 Rc7 15. e4 Bb7 16. d4 cxd4 17. Nxd4 a6 18.
Bb2 Rxc1 19. Rxc1 Bc5 {1/2-1/2 Rasmussen-Danielsen,H/Norresundby 1992/EXT 99 
(19)}) (10... dxc4 11. bxc4 Ne4 12. Rfb1 Bf6 13. Nxe4 Bxe4 14. d3 Bxb2 15. Qxb2
Bc6 16. a4 Rb8 17. Qc3 Qc7 18. h3 Rfd8 19. Rb3 Bxf3 20. Bxf3 Ne5 21. Be2 Nc6 {
1/2-1/2 Eingorn,V-Gyimesi,Z/Koszalin 1999/CBM 73_07 (33)}) 11. Rfd1 (11. d3 Qc7
12. e4 d4 13. Nb1 e5 14. Nh4 g6 15. Bc1 Ne8 $13 {Gonzalez,Be-Diaz,JC/
Capablanca mem-B/1993/EXP35/}) 11... Qc7 12. Rac1 {[%cal Gc1c7]} dxc4 (12...
Rac8 $6 13. cxd5 Nxd5 14. Nxd5 Bxd5 15. e4 Bb7 16. d4 Qb8 17. d5 $1 $14) (12...
Rad8 13. cxd5 exd5 14. d4 Qb8 15. dxc5 bxc5 16. Nh4 Nb6 17. Nf5 Rfe8 18. Na4
Nxa4 19. Nxe7+ Rxe7 20. Bxf6 gxf6 21. Qg4+ Kh8 22. Qxa4 $14 {1/2-1/2 Olafsson,
F-Sigurjonsson,G/Reykjavik 1968/MCD (109)}) 13. bxc4 Bc6 {Dieser Zug ist auf
den ersten Blick natürlich, da Schwarz mit 14...Qb7 die große weiße Diagonale
kontrollieren möchte, aber es wäre besser z.B. 13...Rac8 zu ziehen und zu
warten.} (13... Rac8 14. e4 $6 {Weiss könnte diesen Zug mit 14.h3 vorbereiten.}
Ng4 $1 15. Ne1 Nge5 16. f4 Nc6 {[#]} 17. Nd5 $6 exd5 18. cxd5 Nb4 $1 19. a3
Nxd5 20. exd5 Rfe8 21. Nd3 Bf6 22. Qf2 Qd6 {Ribli. 0-1 Tosic,M-Petronic,J/Novi
Sad 1995/CBM 49/[Ribli] (74)}) 14. d4 Qb7 $2 {Konsequent, aber schlecht.} {[#]}
15. d5 $1 exd5 16. cxd5 Nxd5 (16... Bxd5 17. Nxd5 Nxd5 18. Nh4 $18 {[%csl Rb7,
Rd5][%cal Rg2a8]}) 17. Nxd5 Bxd5 18. Ne5 $1 Nf6 $8 (18... Nxe5 19. Rxd5 {
[%cal Rg2a8]} Ng6 20. Rdxc5 $18 {[%csl Ra8,Rb7][%cal Rg2a8]}) 19. Rxd5 $1 $16 {
Weiss opfert die Qualität, gewinnt aber letztich Material. Der g2B ist mehr
wert als ein Turm!} Nxd5 20. Rd1 Rad8 21. Qd2 {[%csl Rd5][%cal Rg2b7]} Nxe3 (
21... Bf6 22. Bxd5 Qc7 23. f4 $16) 22. Bxb7 Nxd1 23. Qc2 {Weiss hat Dame und
Figur für zwei Türme und zwei Bauern - das ist großer Materialvorteil.} c4 {
In sehr schwerer Stellung möchte Schwarz im Trüben fischen.} (23... Bf6 24.
Bxa6 Nxb2 25. Qxb2 Rd1+ 26. Kg2 $16 (26. Bf1 Rfd8 27. f4 Re1 28. Kf2 Rdd1 29.
Be2 Rb1 30. Qd2 $18)) 24. Nxc4 Bc5 {[%csl Rf2][%cal Rc5g1]} 25. Bxa6 Bxf2+ 26.
Kg2 Rfe8 {Scheinbar hat Schwarz etwas Initiative für das verlorene Material,
aber in Wirklichkeit hat er nichts Konkretes.} 27. Bc1 $5 {Der Läufer
kontrolliert das Schlüsselfeld e3.} Bc5 (27... Re1 28. Bg5 Rf8 (28... f6 29.
Bf4 $18)) 28. Nb2 {Weiss tauscht die einzige aktive schwarze Figur.} Ne3+ (
28... Nxb2 29. Bxb2 $18) 29. Bxe3 Bxe3 30. Nd3 $18 {Weiss hat eine klare Figur
mehr, Schwarz hat keine Kompensation.} g6 31. Qc7 {[%csl Gc7,Rf7][%cal Ra6c4,
Rc4g8]} Bd4 32. Bc4 Rf8 {[%csl Rh7]} 33. Bxf7+ Kh8 34. Nf4 {[%cal Rf4e6,Re6d4,
Re6d8,Re6f8]} Rc8 35. Qe7 $138 {In verlorener Stellung üeberschritt Schwarz
die Zeit.} 1-0

[Event "URS-ch58"]
[Site "Moscow"]
[Date "1991.??.??"]
[Round "10"]
[White "Eingorn, Vereslav S"]
[Black "Sorokin, Maxim"]
[Result "1/2-1/2"]
[WhiteElo "2585"]
[BlackElo "2510"]
[Annotator "Ribli,Z"]
[PlyCount "103"]
[EventDate "1991.11.??"]
[EventType "swiss"]
[EventRounds "11"]
[EventCountry "URS"]
[SourceTitle "URS-ch"]
[Source "ChessBase"]
[SourceDate "1999.07.01"]
[SourceVersion "1"]
[SourceVersionDate "1999.07.01"]
[SourceQuality "1"]

1. c4 e6 2. Nf3 d5 3. b3 Be7 4. Bb2 Nf6 5. g3 O-O 6. Bg2 c5 7. O-O Nc6 8. e3
Bd7 9. Qe2 Qa5 (9... Re8 10. Rd1 Qa5 11. Nc3 Rad8 12. d4 Ne4 13. Rac1 $14 {
Andersson,U-Ney,I Tallin 1973 15/39}) 10. d3 Rfd8 11. e4 $5 (11. Nbd2 Be8 12.
cxd5 exd5 13. Nh4 Bd7 14. f4 Qa6 15. Ndf3 d4 16. exd4 cxd4 17. Ne5 Bb4 $10 {
Plachetka-Neckar 1991 51/(15)}) 11... dxe4 12. dxe4 Be8 13. e5 Nd7 14. Rd1 (14.
Nbd2 $5) 14... Qc7 15. Nbd2 a6 16. h4 Rab8 17. Rac1 b5 18. Bc3 Nb6 19. Ne4 bxc4
20. bxc4 Rxd1+ 21. Rxd1 Rd8 22. Bf1 Nd7 23. Ned2 (23. Nd6 $2 Ndxe5 $1) 23...
Nb6 24. Nb3 Rxd1 25. Qxd1 Na4 26. Ba1 Qb8 27. Nbd2 Nb6 28. Qb1 Nd7 29. Qxb8
Ndxb8 30. Ne1 Nd7 31. f4 f6 32. exf6 Bxf6 33. Bxf6 gxf6 34. Nb3 Nd4 35. Nxd4
cxd4 36. Nf3 e5 37. fxe5 fxe5 38. Bh3 Bh5 39. Be6+ Kf8 40. g4 Be8 41. Bf5 h6
42. Kf2 Ke7 43. g5 (43. Bxd7 Bxd7 44. Nxe5 Be6 45. Nc6+ Kd6 46. Nxd4 Bxg4 47.
Ke3 $14) 43... hxg5 44. hxg5 Kd6 45. g6 Nf6 46. Ng5 Ke7 47. g7 Bf7 48. c5 Bxa2
49. Nf3 Ne8 50. Nxe5 Nxg7 51. Nc6+ Kf6 52. Bd3 1/2-1/2

[Event "EU-Cup 09th Group6"]
[Site "Clichy"]
[Date "1993.09.18"]
[Round "2"]
[White "Fauland, Alexander"]
[Black "Ribli, Zoltan"]
[Result "1-0"]
[WhiteElo "2435"]
[BlackElo "2610"]
[Annotator "Ribli,Z"]
[PlyCount "87"]
[EventDate "1993.09.17"]
[EventType "team-k.o."]
[EventRounds "3"]
[EventCountry "FRA"]
[SourceTitle "EXT 2020"]
[Source "ChessBase"]
[SourceDate "2019.10.17"]
[SourceVersion "1"]
[SourceVersionDate "2019.10.17"]
[SourceQuality "1"]
[WhiteTeam "Graz Merkur Versicherung"]
[BlackTeam "Muenchen Bayern"]
[WhiteTeamCountry "AUT"]
[BlackTeamCountry "GER"]

1. Nf3 d5 2. c4 e6 3. b3 Nf6 4. g3 Be7 5. Bg2 O-O 6. O-O b6 7. Bb2 Bb7 8. e3 c5
9. Nc3 Nbd7 10. Rc1 (10. Qe2 $5 {Psakhis,L-Huebner,R/Baden Baden/1992/CBM31/})
10... Rc8 11. d3 (11. Qe2 $5) 11... Qc7 12. Rc2 $6 Rfd8 13. Qa1 dxc4 $1 14. Nb5
$6 (14. bxc4 $2 Bxf3 15. Bxf3 Ne5 $19) (14. dxc4 Qb8 $10) 14... Qb8 15. bxc4 a6
16. Na3 b5 $15 17. e4 (17. cxb5 axb5 18. Nxb5 Bxf3 $19) 17... Nb6 18. Ne1 (18.
cxb5 Rxd3 $15) 18... Bc6 19. e5 Nfd7 20. f4 (20. cxb5 axb5 21. Bxc6 Rxc6 22.
Nxb5 Na4 $15) 20... bxc4 $2 (20... Na4 $1 21. Bc1 b4 22. Nb1 f6 $15) 21. dxc4
Na4 22. Bc1 Nf8 23. Bxc6 Rxc6 24. Bd2 h5 $2 (24... Rd7 $5) 25. Qd1 $1 g6 $6 (
25... h4 $5) 26. Qf3 Rcc8 $2 (26... Qc8 27. Ba5 Rd7 28. Qb3 Nb6 $14) 27. Ba5 $1
$18 Nb6 28. Rb2 Nfd7 29. Nd3 Re8 30. Nf2 Qa8 31. Qxa8 (31. Ne4 $1 Rb8 32. Rfb1
Na4 33. Rb7 $1 $18) 31... Nxa8 32. Ne4 f5 (32... Rb8 33. Rd2 Nf8 34. Nd6 Bxd6
35. Rxd6 Rb2 36. Rf2 $18) 33. Rb7 $1 fxe4 34. Rxd7 Rb8 35. Rb1 Kf8 36. Kf2 Rxb1
37. Nxb1 Rb8 38. Nd2 Rb2 39. Ke3 $1 Rxa2 (39... Ke8 40. Ra7 Nb6 41. Rxa6 Rxa2
42. Rxb6 Rxa5 43. Rxe6 $18) 40. Bd8 $1 Ke8 41. Rxe7+ Kxd8 42. Rxe6 Kc7 43. Rxg6
Nb6 44. f5 1-0

[Event "GLC Masters"]
[Site "London"]
[Date "1986.??.??"]
[Round "4"]
[White "McDonald, Neil R"]
[Black "Nicholson, John G"]
[Result "1-0"]
[WhiteElo "2320"]
[BlackElo "2320"]
[Annotator "Ribli,Z"]
[PlyCount "63"]
[EventDate "1986.03.??"]
[EventType "tourn"]
[EventRounds "15"]
[EventCountry "ENG"]
[EventCategory "3"]
[SourceTitle "EXT 1999"]
[Source "ChessBase"]
[SourceDate "1998.11.16"]
[SourceVersion "1"]
[SourceVersionDate "1998.11.16"]
[SourceQuality "1"]

1. Nf3 c5 2. g3 b6 3. Bg2 Bb7 4. O-O Nf6 5. b3 e6 6. Bb2 Be7 7. c4 O-O 8. d3 d5
9. e3 Nc6 10. Qe2 dxc4 (10... Qc7 11. Nc3 Rfd8 12. cxd5 Nxd5 13. Nxd5 exd5 14.
d4) 11. bxc4 Qc7 12. Nc3 a6 13. Ne1 Na7 14. a4 Bxg2 15. Nxg2 Rab8 16. f4 b5 17.
axb5 axb5 18. f5 $1 bxc4 19. dxc4 Rb6 20. Ra2 Qb8 21. Nf4 Rd8 $6 (21... Nc8 $5)
(21... Qb7 $5) 22. Ba1 Qb7 23. g4 $1 Bf8 24. g5 Ne8 25. fxe6 fxe6 26. Qf2 $14
Nc7 27. Nh5 Na6 28. Rd2 Rbd6 $2 (28... Rxd2 $142) 29. Rxd6 Bxd6 30. Ne4 $1 Bf8
(30... Qxe4 $2 31. Qf7+ Kh8 32. Qxg7#) 31. Nhf6+ gxf6 (31... Kh8 32. Nd7 Be7
33. Qf7 $18) 32. Qxf6 (32. Qxf6 Bg7 33. Qxd8+) 1-0

[Event "Hamburg SKA"]
[Site "Hamburg"]
[Date "1991.07.09"]
[Round "11"]
[White "Maus, Soenke"]
[Black "Bischoff, Klaus"]
[Result "1/2-1/2"]
[WhiteElo "2400"]
[BlackElo "2495"]
[Annotator "Ribli,Z"]
[PlyCount "71"]
[EventDate "1991.06.27"]
[EventType "tourn"]
[EventRounds "13"]
[EventCountry "GER"]
[EventCategory "11"]
[SourceTitle "CBM 024"]
[Source "ChessBase"]
[SourceDate "1991.10.01"]
[SourceVersion "1"]
[SourceVersionDate "1991.10.01"]
[SourceQuality "1"]

1. c4 e6 2. g3 Nf6 3. Bg2 d5 4. Nf3 Be7 5. O-O O-O 6. b3 b6 7. Bb2 Bb7 8. e3 c5
9. Nc3 Nbd7 10. Qe2 Qc7 (10... a6 11. d3 (11. Rfd1 $5) 11... Ra7 12. Ne1 Ba8
13. f4 d4 14. Ne4 dxe3 15. Qxe3 Nxe4 16. dxe4 Nb8 $1 $13 {Pigott,J-Howell,J
BCF-ch 1989 CBM/15}) 11. Rac1 Rad8 (11... Rac8 $6 12. cxd5 exd5 13. d4 Rfe8 14.
Rfd1 Bf8 15. Bh3 $1 $14 {Kortschnoj,V-Adianto Novi Sad ol 1990 50/9}) (11...
dxc4 $5) 12. cxd5 Nxd5 13. Nxd5 Bxd5 14. e4 Bb7 15. d4 Qb8 16. Rcd1 Rfe8 17. a3
a5 18. Rfe1 Qa8 19. dxc5 Bxc5 20. h4 h6 21. Nh2 Qb8 22. Kh1 Bf8 23. Ng4 Kh7 24.
Kh2 Qa8 25. Bh3 Nc5 26. Qf3 f5 27. Nf6+ gxf6 28. Bxf5+ exf5 29. Qxf5+ Kg8 30.
Qxf6 Bxe4 31. Qh8+ Kf7 32. Qf6+ Kg8 33. Qh8+ Kf7 34. Qf6+ Kg8 35. Qh8+ Kf7 36.
Qf6+ 1/2-1/2